000 00390nam a22001697a 4500
003 NUST - PNEC
005 20170116181021.0
008 150915b xxu||||| |||| 00| 0 eng d
020 _a8125908044
040 _cLIBRARY
082 _a621.406 ARA
100 _910680
_aArasu, Valan A.
245 _aTurbo machines
_cA. Aalan Arasu
260 _cc.2001
650 _xME
942 _2ddc
_cBK
999 _c67422
_d67422